000 00441cam a2200181ua 4500
041 _aeng
_h
082 _a828.09
_bRID/SH
100 _aRiddler, Anne .
245 _aShakespear criticism /
_canne Riddler.
_hTextual Documents
260 _aLondon :
_bOxford University Press ,
_c1962.
300 _a388 ; .
504 _a
942 _cBK
999 _c6905
_d6905